000 00218nam a22000977a 4500
999 _c16194
_d16194
003 OSt
008 200619b ||||| |||| 00| 0 eng d
100 _aS Rajaraman
_94615
245 _aPractical plane geometry
942 _cBK